Statistics for Sydney Suburbs Where English Not Mostly Spoken

Click here to take the quiz!

General Stats

  • This quiz has been taken 66 times
  • The average score is 6 of 15

Answer Stats

English SpeakersMost Popular LanguagesSydney Suburb% Correct
12.4%Vietnamese (40.1%)Cabramatta
78%
17.7% Arabic (21.1%), Vietnamese (19.0%) Bankstown
72%
14.7% Bengali (18.7%) Lakemba
66%
12.9% Arabic (13.3%) Auburn
55%
21.9% Arabic (35.1%) Punchbowl
50%
18.1% Mandarin (32.3%) Hurstville
45%
20.1% Mandarin (34.0%) Burwood
40%
17.9% Mandarin (21.1%) Campsie
36%
16.3% Vietnamese (35.5%) Canley Vale
31%
25.6% Arabic (41.1%) Greenacre
28%
26.9% Arabic (32.4%) Guildford
28%
16.9% Arabic (17.6%), Bengali (17.1%) Wiley Park
17%
18.4% Mandarin (36.8%) Rhodes
12%
20.1% Vietnamese (39.3%) Canley Heights
10%
29.1% Arabic (29.5%) Condell Park
5%

Score Distribution

Percentile by Number Answered

Percent of People with Each Score

Your Score History

You have not taken this quiz